000 00723nam a22002057a 4500
003 OSt
005 20260304055341.0
008 260304b |||||||| |||| 00| 0 eng d
020 _a9781-5266-63665
040 _aDWCL - Main Lib.
_cOC
082 _aCirc. 616.89 B139i 2019
100 _aBaek, Sehee
_eAuthor
245 _aI want to die but still want to eat tteokbokki:
_bfurther conversations with my psychiatrist /
_cBaek Sehee
260 _aLondon :
_bBloomsbury Publishing,
_cc2019.
300 _axiv, 204 pages :
_c19cm.
650 _a1. Depression -- Personal narratives.
650 _a2. Mental health -- Personal narratives.
650 _a3. Psychotheraphy -- Personal narratives.
942 _2ddc
_cBK-CIRC
_n0
999 _c8612
_d8612